=LDR 00000nam 2200000 4500 =001 INLIS000000000017545 =005 20130612112745 =008 ***********************************Ind** =035 ##$$0010-061300000017545 =041 ##$$a Ind =082 ##$$a 600 =090 ##$$a 600, Suk t =100 ##$$a Sukanto =245 ##$$a Teknologi sederhana, Sukanto =260 ##$$a 2001 $b Semarang =300 ##$$a vi, 47 hlm, ilus, 21 cm =650 ##$$a Teknologi =850 ##$$a NBPNMAT